Multiple-Choice-Stadtquiz Karlsruhe - Statistiken

Allgemein
  • Dieses Quiz wurde 1.434 mal gespielt
  • Das Durchschnittsergebnis liegt bei 6 aus 10
Antwortstatistiken
Frage Antwort % Korrekt
In welchem Bundesland liegt Karlsruhe? Baden-Württemberg
93%
Welche deutsche Gebirgsregion liegt direkt südlich von Karlsruhe? Schwarzwald
89%
Warum wird Karlsruhe auch „Residenz des Rechts“ genannt? Weil hier das Bundesverfassungsgericht und der Bundesgerichtshof ihren Sitz haben
87%
An welches Bundesland grenzt Karlsruhe direkt im Westen? Rheinland-Pfalz
86%
Welcher Fluss bildet die westliche Grenze von Karlsruhe? Rhein
77%
Welches markante Bauwerk ist das Zentrum der fächerförmigen Stadtanlage von Karlsruhe? Schloss Karlsruhe
71%
Wie viele Einwohner hat Karlsruhe ungefähr? 310.000
42%
Wo befindet sich das Grabmal des Stadtgründers Karl Wilhelm von Baden-Durlach? Unter einer Pyramide auf dem Marktplatz
35%
In welchem Jahr wurde Karlsruhe gegründet? 1715
30%
Welcher Fluss fließt durch Karlsruhe? Alb
26%
Keine übereinstimmenden Quizze gefunden
Verteilung der Resultate
Anzahl Personen mit jedem Resultat
Perzentil nach korrekt beantworteten Fragen
Ihre Resultats-Entwicklung
Sie haben dieses Quiz noch nicht gespielt